Statistics for Country by picture

Click here to take the quiz!

General Stats

  • This quiz has been taken 29 times
    (20 since last reset)
  • The average score is 13 of 20

Answer Stats

Answer% Correct
United States
100%
Kenya
80%
Singapore
80%
China
73%
Madagascar
73%
Mongolia
73%
Russia
73%
Spain
73%
Vatican City
73%
Denmark
67%
Israel
67%
Venezuela
67%
Croatia
60%
Saudi Arabia
60%
Bolivia
53%
Iceland
53%
Morocco
53%
Australia
47%
Mexico
47%
Uzbekistan
40%

Score Distribution

Percentile by Number Answered

Percent of People with Each Score

Your Score History

You have not taken this quiz since the last reset